Hraji Beethovena O interpretaci Beethovenových violoncellových skladeb

Podrobná bibliografia
Hlavný autor: Heran, Bohuš, 1907-1968 (Autor)
Ďalší autori: Hlaváčková, Olga (nob)
Médium: Kniha
Jazyk:čeština
Fyzický popis:149, [2] s., 9 s. fot. příl. 8°
Vydavateľské údaje: Praha Státní pedagogické nakladatelství 1965
Edícia:Spisy Janáčkovy AMU v Brně

MARC

LEADER 00000nam a2200000 a 4500
001 vtls001182834
003 SK-MaSNL
005 20260416165336.0
008 251113s1965 xr 0 cze
035 |a SNK000125883 
040 |a SNK  |b slo  |c SNK  |e AACR2 
041 0 |a cze 
044 |a CZ 
100 1 |a Heran, Bohuš,  |d 1907-1968  |4 aut  |9 101188 
245 0 |a Hraji Beethovena  |b O interpretaci Beethovenových violoncellových skladeb  |c Bohuš Heran ; Obálka Olga Hlaváčková 
260 |a Praha  |b Státní pedagogické nakladatelství  |c 1965 
300 |a 149, [2] s., 9 s. fot. příl.  |c 8° 
490 1 |a Spisy Janáčkovy AMU v Brně  |v Čís. 3/1965 
700 1 |a Hlaváčková, Olga  |4 nob  |9 490007 
830 0 |a Spisy Janáčkovy AMU v Brně  |9 629216 
958 |a RK 
958 |a OND 
999 |c 968159  |d 970089 
952 |t P60, <04>, [BOOK], {604}  |a SNK  |b SNK  |y VYP  |7 0  |o snkIC 38569  |i snkKIP 9419/65  |0 0  |1 0  |4 0  |d 1996-02-28  |l 0  |r 2005-01-01 00:00:00  |w 2026-02-24 
952 |t P60, <04>, [BOOK], {604}  |a SNK  |b SNK  |y VYP  |7 0  |o snkIC 38569 D1  |i snkKIP 9420/65  |0 0  |1 0  |4 0  |d 1996-02-28  |l 0  |r 2005-01-01 00:00:00  |w 2026-02-24